000 00883nam a2200277Ia 4500
001 Z_1832
003 CHAP
008 220113s1997 xx 000 0 und d
010 _a164926
040 _cCHAP
090 _aTesis D 1244
100 _aDávalos Escalera, Juventino
_933083
245 _aAnálisis de rentabilidad y parámetros técnicos de las empresas porcinas en el estado de Veracruz /
_cpor Juventino Dávalos Escalera y Dagoberto Bautista Jonguitud
260 _aChapingo, Méx. :
_bEl autor,
_c1997
300 _a119 h.
502 _aTesis (Ing. Agr. Esp. en Zootecnia) -- UACH. Departamento de Zootecnia
650 _aEmpresas porcinas
_9138878
650 _aGanado porcino
_xVeracruz
_945416
700 _aBautista Jonguitud, Dagoberto
_910925
901 _aTESIS D 1244
902 _aM
910 _a1997
942 _c2
942 _c2
999 _c164926
_d164926